V reklamnej zlatej bani sa fára ďalej

Štátne firmy míňajú státisíce eur na reklamné partnerstvá bez pravidiel. Dotujú aj známych či mecenášov politikov. Ukončenie reklamnej spolupráce medzi štátnou firmou Transpetrol a súkromným hokejovým klubom HC Slovan Bratislava, ktorý patrí oligarchovi Jurajovi Širokému. Vlastnícka štruktúra HC Slo...

Descrizione completa

Salvato in:
Dettagli Bibliografici
Autore principale: Petková, Zuzana
Natura: Capitolo di libro
Lingua:slovacco
Soggetti:
Tags: Aggiungi Tag
Nessun Tag, puoi essere il primo ad aggiungerne!!

MARC

LEADER 00000naa a2200000 4500
001 0205509
005 20231113103249.2
041 0 |a slo 
044 |a SK 
245 1 0 |a V reklamnej zlatej bani sa fára ďalej  |c Zuzana Petková 
520 |a Štátne firmy míňajú státisíce eur na reklamné partnerstvá bez pravidiel. Dotujú aj známych či mecenášov politikov. Ukončenie reklamnej spolupráce medzi štátnou firmou Transpetrol a súkromným hokejovým klubom HC Slovan Bratislava, ktorý patrí oligarchovi Jurajovi Širokému. Vlastnícka štruktúra HC Slovan. Štátny podnik Vodohospodárska výstavba a podpora slovenských kanoistov. Chýbajú jasné pravidlá, ako majú štátne podniky postupovať pri hľadaní reklamného partnera či pri sponzorstve. 
610 2 0 |a reklama 
610 2 0 |a sponzorovanie 
610 2 0 |a podnik štátny 
610 2 0 |a výdavky 
610 2 0 |a financie 
610 2 0 |a šport 
100 1 |a Petková, Zuzana